000 00792cam a22002651 4500
001 BD-DhSAU 8165
003 BD-DhSAU
005 20150610140639.0
008 730213s1953 nyua 001 0 eng
040 _aBD-DhSAU
082 0 0 _a519.52
_222
_bHAS
100 1 _aHansen, Morris H.
_q(Morris Howard),
_d1910-
245 1 0 _aSample survey methods nd theory /
_cMorris H. Hansen, William N. Hurwitz, William G. Madow.
260 _aNew York :
_bWiley,
_cc1953.
300 _axxii, 638 p. :
_bill. ;
_c24 cm.
440 _aMethods and Applications
_vVol. 1
504 _aIncludes index.
590 _aJerin
650 0 _aSampling (Statistics)
650 0 _asurvey methods
650 0 _aStatistics.
700 _aHurwitz, William N.
700 _aMadow, William G.
942 _2ddc
_cBOOK
999 _c8165
_d8165